000 00429nam a2200145Ia 4500
008 191206s9999 xx 000 0 und d
020 _a297178148
090 _aDS63.2G7
245 0 _aBritish in the Middle East
260 _aWeidenfeld & Nicolson
260 _bA Social history of the British overseas
260 _cc1969
300 _a"xvi, 215 p., 96 plates. illus., facsims., maps, po"
999 _c15593
_d15593